<?xml version="1.0" encoding="UTF-8"?>
<marc:record xmlns:marc="http://www.loc.gov/MARC21/slim">
   <marc:leader>00000nam a2200000 a 4500</marc:leader>
   <marc:datafield ind1="1" ind2=" " tag="100">
      <marc:subfield code="a">Lind, Hera</marc:subfield>
      <marc:subfield code="4">aut</marc:subfield>
      <marc:subfield code="e">Verfasser/-in</marc:subfield>
   </marc:datafield>
   <marc:datafield ind1="0" ind2="0" tag="245">
      <marc:subfield code="a">Über alle Grenzen</marc:subfield>
   </marc:datafield>
   <marc:datafield ind1="0" ind2="0" tag="245">
      <marc:subfield code="b">Roman nach einer wahren Geschichte</marc:subfield>
   </marc:datafield>
   <marc:datafield ind1=" " ind2="1" tag="264">
      <marc:subfield code="b">Diana</marc:subfield>
      <marc:subfield code="c">2019</marc:subfield>
   </marc:datafield>
   <marc:datafield ind1="1" ind2=" " tag="520">
      <marc:subfield code="a">Voller Begeisterung zieht die bayrische Familie Alexander in den späten 1950er-Jahren vom Chiemsee nach Thüringen, wo der Vater Direktor im Erfurter Zoo wird. Ein Paradies für die Kinder Lotte, Bruno und deren Schwestern. Doch dann wird die Mauer gebaut, und es gibt kein Zurück. Obwohl der musikalisch hochtalentierte Bruno gerade frisch verheiratet und Vater geworden ist, flieht er Hals über Kopf in den Westen. Er ist frei, hinterlässt aber eine geschockte Familie, deren Leben nun vollends aus den Fugen gerät. Besonders als Bruno den Vater anfleht, seiner Frau und dem Baby zur Flucht zu verhelfen ...
</marc:subfield>
   </marc:datafield>
   <marc:datafield ind1=" " ind2=" " tag="020">
      <marc:subfield code="a">9783453291881</marc:subfield>
      <marc:subfield code="9">9783453291881</marc:subfield>
   </marc:datafield>
</marc:record>
